Hair Metal Bands by Power Ballad - Statistics

General Stats
  • This quiz has been taken 452 times
  • The average score is 10 of 21
Answer Stats
Year Song Band % Correct
1986 Livin' on a Prayer Bon Jovi
98%
1988 Every Rose Has its Thorn Poison
87%
1982 Here I Go Again Whitesnake
87%
1991 Winds of Change Scorpions
72%
1985 Home Sweet Home Motley Crue
69%
1989 18 and Life Skid Row
69%
1991 More Than Words Extreme
54%
1988 Don't Know What You Got (Till it's Gone) Cinderella
52%
1984 Sister Christian Night Ranger
49%
1991 To Be With You Mr. Big
38%
1989 Heaven Warrant
38%
1983 Too Late For Love Def Leppard
35%
1987 Wait White Lion
30%
1985 Alone Again Dokken
28%
1989 When I See You Smile Bad English
27%
1989 House of Pain Faster Pussycat
27%
1990 Fly to the Angels Slaughter
27%
1989 Headed for a Heartbreak Winger
26%
1990 Forever KISS
23%
1990 (Can't Live Without Your) Love and Affection Nelson
23%
1991 Forever Young Tyketto
7%
No matching quizzes found
Score Distribution
Percent of People with Each Score
Percentile by Number Answered
Your Score History
You have not taken this quiz